| 000 | 00828nam a2200181 4500 | ||
|---|---|---|---|
| 005 | 20251028115249.0 | ||
| 008 | 251028b |||||||| |||| 00| 0 eng d | ||
| 020 | _a9781350347090 | ||
| 037 | _ctextual | ||
| 040 |
_aRTL _cRTL |
||
| 084 | _qRTL | ||
| 100 |
_aPilbeam, Keith _9849664 |
||
| 245 | _aInternational finance | ||
| 260 |
_aLondon _bBloomsbury Academic _c2023 |
||
| 300 |
_aix, 549 p. _bIncludes bibliographical reference and index |
||
| 520 | _aInternational Finance is an established and internationally renowned introduction to the subject. It draws on recent events to provide comprehensive coverage of traditional theories and new research relating to the balance of payments, exchange rate determination and the international monetary system. This is the fifth edition of the text | ||
| 942 |
_2CC _n0 _cTEXL |
||
| 999 |
_c1465078 _d1465078 |
||